Historia universal de los instrumentos músicales : parte 5 /

Guardado en:
Autor Principal: Sachs, Curt
Formato: Libro
Publicado: Buenos Aires : Centurión, 1947
Etiquetas: Agregar Etiqueta
Sin Etiquetas, Sea el primero en etiquetar este registro!
LEADER 00428nam a22001455a 4500
001 CEM.cems005701
005 20060214000000.0
008 130507s1947##################000#0#####d
003 CEMS
082 0 4 |a 785 
100 1 |a Sachs, Curt 
245 1 0 |a Historia universal de los instrumentos músicales :  |b  parte 5 / 
260 |a Buenos Aires :  |b Centurión,  |c 1947 
300 |a 871 p. 
859 |a CEMS  |b BIB. CEMS - 11 de abril  |h 785  |i Sa14/V  |p 11087.82  |t Ej.1